NASRETTİN HOCA DİZİSİ KAVUK ÇOCUKLAŞTI (Record no. 1058721)

MARC details
000 -LEADER
sabit uzunluktaki kontrol alanı 00302nam a2200097Ia 4500
001 - KONTROL NUMARASI
kontrol alanı 1058721
005 - EN SON İŞLEMİN TARİH VE ZAMANI
kontrol alanı 20250827001444.0
008 - SABİT-UZUNLUKTA VERİ ÖĞELERİ--GENEL BİLGİ
sabit uzunluktaki kontrol alanı 250824s9999 xx 000 0 und d
245 #0 - ESER / YAZAR
ESER ADI NASRETTİN HOCA DİZİSİ KAVUK ÇOCUKLAŞTI
Yazar Adı HASAN YİĞİT
260 ## - YAYIN, DAĞITIM, VB.
YAYIN EVİ NARÇİÇEĞİ YAYINCILIK VE TAŞIMACILIK A.Ş.
Holdings
Düşüm durumu Kayıp durumu Hasar Durumu Ödünç verilmez Ana kütüphane Geçerli Kütüphane Edinilen tarih Toplam ödünç verme sayısı Barkod Son görüntüleme tarihi Son ödünç verme tarihi Fiyatın geçerli olmaya başladığı tarih Koha materyal türü
        CEMİLE ERKUNT İLKOKULU CEMİLE ERKUNT İLKOKULU 24.08.2025 3 10235135 19.12.2025 12.12.2025 27.08.2025 Books